[Event "GER-chT U18 Girls"]
[Site "Germany"]
[Date "2011.05.14"]
[Round "5.4"]
[White "Wolf, Isabelle"]
[Black "Schimmel, Sarina"]
[Result "0-1"]
[WhiteElo "800"]
[BlackElo "890"]
[PlyCount "60"]
[EventDate "2011.05.13"]
[EventType "team-swiss"]
[EventRounds "7"]
[EventCountry "GER"]
[SourceTitle "EXT 2012"]
[Source "ChessBase"]
[SourceDate "2011.11.24"]
[SourceVersion "1"]
[SourceVersionDate "2011.11.24"]
[SourceQuality "1"]
[WhiteTeam "Heilbronn EHKG (W)"]
[BlackTeam "Oranienburg Louise Henriette Gym (W)"]
[WhiteTeamCountry "GER"]
[BlackTeamCountry "GER"]

1. e4 e5 2. Bb5 a6 3. Bc4 Nf6 4. d3 Be7 5. Be3 Nc6 6. Qd2 d6 7. Na3 d5 8. 0-0-0 dxc4 9. dxc4 Qxd2+ 10. Rxd2 Nxe4 11. Rd5 Nxf2 12. Kd2 Nxh1 13. Ke2 Bg4+ 14. Kd2 0-0 15. Bc5 Bxc5 16. Rxc5 Nf2 17. Ke3 Nd1+ 18. Kd2 Nxb2 19. Kc3 Rad8 20. Nf3 e4 21. Ng5 Na4+ 22. Kb3 Nxc5+ 23. Kc3 e3 24. Nf3 Ne4+ 25. Kb2 e2 26. Ne1 Rd1 27. Nf3 Bxf3 28. Kb3 e1Q 29. gxf3 Qc3+ 30. Ka4 Nc5# 0-1

[Event "GER-chT U18 Girls"]
[Site "Germany"]
[Date "2011.05.13"]
[Round "2.4"]
[White "Gerdts, Martina"]
[Black "Wolf, Isabelle"]
[Result "1-0"]
[WhiteElo "780"]
[BlackElo "800"]
[PlyCount "53"]
[EventDate "2011.05.13"]
[EventType "team-swiss"]
[EventRounds "7"]
[EventCountry "GER"]
[SourceTitle "EXT 2012"]
[Source "ChessBase"]
[SourceDate "2011.11.24"]
[SourceVersion "1"]
[SourceVersionDate "2011.11.24"]
[SourceQuality "1"]
[WhiteTeam "Stade Athenaeum (W)"]
[BlackTeam "Heilbronn EHKG (W)"]
[WhiteTeamCountry "GER"]
[BlackTeamCountry "GER"]

1. d4 d5 2. c4 c5 3. dxc5 e5 4. cxd5 Bf5 5. Nf3 Bxb1 6. Rxb1 f6 7. b4 Qe7 8. e4 b6 9. Bb5+ Kd8 10. d6 Qe6 11. a3 Nh6 12. 0-0 Nf7 13. Be3 Qc4 14. Bxc4 Kd7 15. Bb5+ Kd8 16. d7 Nxd7 17. Bxd7 Rb8 18. c6 Kc7 19. Rc1 a5 20. bxa5 bxa5 21. Be6 Nd6 22. Qd5 Rb5 23. Rc5 h5 24. Rxb5 h4 25. Bb6+ Kb8 26. Bc5+ Nxb5 27. Qd8# 1-0

[Event "GER-chT U18 Girls"]
[Site "Germany"]
[Date "2011.05.13"]
[Round "3.4"]
[White "Wolf, Isabelle"]
[Black "Mertes, Kathrin"]
[Result "0-1"]
[WhiteElo "800"]
[BlackElo "840"]
[PlyCount "74"]
[EventDate "2011.05.13"]
[EventType "team-swiss"]
[EventRounds "7"]
[EventCountry "GER"]
[SourceTitle "EXT 2012"]
[Source "ChessBase"]
[SourceDate "2011.11.24"]
[SourceVersion "1"]
[SourceVersionDate "2011.11.24"]
[SourceQuality "1"]
[WhiteTeam "Heilbronn EHKG (W)"]
[BlackTeam "Trier (W)"]
[WhiteTeamCountry "GER"]
[BlackTeamCountry "GER"]

1. d4 d5 2. Nc3 Nf6 3. Nf3 Bf5 4. Bg5 e6 5. e4 dxe4 6. Nb5 Be7 7. Bc4 exf3 8. Qxf3 Nc6 9. 0-0-0 Bg4 10. Qf4 0-0 11. Rhe1 Bxd1 12. Rxd1 Bd6 13. Qg4 Nxg4 14. Bxd8 Raxd8 15. f3 Bf4+ 16. Kb1 Ne3 17. Re1 Nxc4 18. b3 Nd2+ 19. Kc1 Nxf3+ 20. Kd1 Nxe1 21. Kxe1 a6 22. Nxc7 Nxd4 23. Kd1 Nb5+ 24. Ke2 Nxc7 25. g3 Rd2+ 26. Kf3 Bd6 27. Ke3 Rxc2 28. Kd3 Rxa2 29. g4 Bxh2 30. g5 Rd8+ 31. Ke3 Rd5 32. Ke4 Rxg5 33. b4 Rg4+ 34. Ke3 Rxb4 35. Kf3 Ra3+ 36. Kg2 Rb2+ 37. Kh1 Ra1# 0-1

[Event "GER-chT U18 Girls"]
[Site "Germany"]
[Date "2011.05.13"]
[Round "1.4"]
[White "Wolf, Isabelle"]
[Black "Schillinger, Carmen"]
[Result "0-1"]
[WhiteElo "800"]
[BlackElo "800"]
[PlyCount "58"]
[EventDate "2011.05.13"]
[EventType "team-swiss"]
[EventRounds "7"]
[EventCountry "GER"]
[SourceTitle "EXT 2012"]
[Source "ChessBase"]
[SourceDate "2011.11.24"]
[SourceVersion "1"]
[SourceVersionDate "2011.11.24"]
[SourceQuality "1"]
[WhiteTeam "Heilbronn EHKG (W)"]
[BlackTeam "Neuenburg Gymn (W)"]
[WhiteTeamCountry "GER"]
[BlackTeamCountry "GER"]

1. e4 e5 2. Qg4 Nf6 3. Qf5 Bb4 4. Ke2 Nc6 5. d3 d5 6. Bg5 Bxf5 7. exf5 Nd4+ 8. Kd1 Nxf5 9. Nf3 e4 10. dxe4 dxe4+ 11. Ke2 exf3+ 12. gxf3 Nd4+ 13. Kd3 Nxf3+ 14. Ke3 Nxg5 15. Bb5+ Nd7 16. Rg1 Qe7+ 17. Kf4 Nh3+ 18. Kg4 Nxg1 19. Nc3 0-0 20. Kg3 Ne5 21. Rxg1 c6 22. Be2 Nc4 23. Rd1 Nxb2 24. Rb1 Bxc3 25. f4 Qxe2 26. a4 Rae8 27. Ra1 Re3+ 28. Kh4 Qg2 29. Kh5 Rh3# 0-1